000 00627nam a2200181Ia 4500
008 100921s9999 xx 000 0 und d
082 _b18867
_a891.463 थ 84
100 _aभारद्वाज मंदाकिनी.
245 _aमन शुद्ध तुझं.
260 _bराजेंद्र प्रकाशन, पुणे.
_c1984
300 _a156
_b---
365 _b30
520 _aललित-कादंबरी.
630 _aमन शुद्ध तुझं.
650 _aललित-कादंबरी.
730 _aमन शुद्ध तुझं.
942 _cBOOK
999 _c767980
_d767977